00801naa a22002057i 45000010005000000030009000050050017000140080041000310400026000720410008000980800007001060800011001131000116001242450067002406500027003076550030003347730203003649420013005679990015005809269KOSZ 00520180322094752.0160308s1997 ||||| ||||0|| 0 pol  cKOSZ 005/EGaKOSZ 0050 apol a37 a332.141 aSKRZYPNIAK, Ryszard.d1996 - .bPolitechnika Koszalińska - Wydział Mechaniczny,cKatedra Nauk Pedagogicznych10aWartości wychowawcze rodzin wiejskich /cRyszard Skrzypniak. 0aWychowanie w rodzinie. 0aMateriały konferencyjne.0 iW:tPolityka regionalna a wielofunkcyjny rozwój obszarów wiejskich Pomorza Środkowego / red. nauk. Michał Jasiulewicz, Bogusław Polak. -dKoszalin : Wydaw. Uczelniane PK, 1997. -gs. 249-262 cROZ2UKD c9269d9269